000 00448nam a2200169Ia 4500
001 23288
005 20260414150927.0
008 260414t2013||||xx |||||||||||||| ||spa||
041 _aESP
082 _a628.2
_bP45
100 _aPérez Carmona, Rafael
_eAUT
245 0 _aDiseño y construcción de alcantarillados sanitario, pluvial y drenaje en carreteras
_b
260 _c2013
650 _aCNM
654 _aCCN
942 _cLIB
_dJUS
_fJUS
_2ddc
_n
999 _c23288
_d23288